00422nam a2200133Ia 4500008004100000020001800041082001600059100002100075245011300096260004400209300000800253650000500261700002200266140316s9999 xx 000 0 und d a9780713999914 a828bLEV/SU aLevitt,Steven D. aSuper Freakonomics: global cooling, patriotic prostitutes, and why suicide bombers should buy life insurance aLondanbAllen Lane, Penguin Booksc2009 a270 a aDubner,Stephen J.